Southville International School and Colleges
Your cart is empty.
  • Cart
  • Lists
    Public lists Eva Luna New books Lux_list list_1
    Your lists Log in to create your own lists
  • Log in to your account
  • Your cookies
  • Search history
Southville International School and Colleges
  • Advanced search
  • Recent comments
  • Most popular
  • Libraries

Log in to your account

Log in with GOOGLE


If you do not have an external account, but do have a local account, you can still log in:

  1. Home
  2. MARC view: Chemistry :
Normal view MARC view ISBD view

Chemistry : (Record no. 283642)

[ view plain ]
MARC details
000 -LEADER
fixed length control field 00790cam a2200241 a 4500
003 - CONTROL NUMBER IDENTIFIER
control field PILC
005 - DATE AND TIME OF LATEST TRANSACTION
control field 20150228075917.0
008 - FIXED-LENGTH DATA ELEMENTS--GENERAL INFORMATION
fixed length control field 090515s2011 njua 001 0 eng
010 ## - LIBRARY OF CONGRESS CONTROL NUMBER
LC control number 2009020236
020 ## - INTERNATIONAL STANDARD BOOK NUMBER
International Standard Book Number 9780321866271 (paperback)
035 ## - SYSTEM CONTROL NUMBER
System control number (OCoLC)ocn324783713
040 ## - CATALOGING SOURCE
Original cataloging agency DLC
Transcribing agency DLC
Modifying agency YDX
-- YDXCP
-- CDX
-- DEBBG
-- BTCTA
-- DLC
050 00 - LIBRARY OF CONGRESS CALL NUMBER
Classification number QD 453.3
Item number .T76 2014
100 1# - MAIN ENTRY--PERSONAL NAME
Personal name Tro, Nivaldo J.
245 10 - TITLE STATEMENT
Title Chemistry :
Remainder of title a molecular approach /
Statement of responsibility, etc Nivaldo J. Tro.
250 ## - EDITION STATEMENT
Edition statement 3rd ed.
Remainder of edition statement International edition.
260 ## - PUBLICATION, DISTRIBUTION, ETC. (IMPRINT)
Place of publication, distribution, etc Boston :
Name of publisher, distributor, etc Pearson,
Date of publication, distribution, etc c2014.
300 ## - PHYSICAL DESCRIPTION
Extent 1 volume (various pagings) :
Other physical details illustrations (color) ;
Dimensions 28 cm.
440 #0 - SERIES STATEMENT/ADDED ENTRY--TITLE
Title Pearson International edition.
521 ## - TARGET AUDIENCE NOTE
Target audience note Education
650 #0 - SUBJECT ADDED ENTRY--TOPICAL TERM
Topical term or geographic name as entry element Chemistry, Physical and theoretical
Form subdivision Textbooks.
942 ## - ADDED ENTRY ELEMENTS (KOHA)
Source of classification or shelving scheme Library of Congress Classification
Koha item type Books
Holdings
Withdrawn status Lost status Source of classification or shelving scheme Damaged status Home library Current library Shelving location Date acquired Source of acquisition Sub Shelving location Total Checkouts Full call number Barcode Date last seen Price effective from Koha item type
    Library of Congress Classification   College Library College Library Reserve Section 02/28/2015 Library Fund     QD 453.3 .T76 2014 C19142 05/15/2018 02/28/2015 Books

Chemistry :

APA

Tro N. J., . (2014). Chemistry. Boston: Pearson.

Chicago

Tro Nivaldo J, . 2014. Chemistry. Boston: Pearson.

Harvard

Tro N. J., . (2014). Chemistry. Boston: Pearson.

MLA

Tro Nivaldo J, . Chemistry. Boston: Pearson. 2014.

  • Place hold
  • Print
  • Cite
  • Add to your cart (remove)
  • Save record
    BIBTEX Dublin Core MARCXML MARC (non-Unicode/MARC-8) MARC (Unicode/UTF-8) MARC (Unicode/UTF-8, Standard) MODS (XML) RIS
  • More searches
    Search for this title in:
    Other Libraries (WorldCat) Other Databases (Google Scholar) Online Stores (Bookfinder.com) Open Library (openlibrary.org)

Exporting to Dublin Core...

SOUTHVILLE LIBRARY

Southville International School and Colleges Library

1281 Tropical Ave. Cor. Luxembourg St., BF Homes International, Las Pinas City

Tel. No. 8256374 / 252358 Loc. 117/146

Powered by Koha